=LDR 00000nam 2200000 4500 =001 001181 =005 20250710123815 =035 ##$$a 0010-0725000105 =007 ta =008 250710################a##########0#ind## =082 ##$$a 398.209 598 =100 #$$a Vaidya,Anjali =245 1#$$a Ayo,Kita Naik Rintik Hujan! /$c Anjali Vaidya =250 ##$$a pertama =260 ##$$a Jakarta Timur :$b Badan Pengembangan dan Pembinaan Bahasa,$c 2022 =300 ##$$a 20hlm. : $b ilus. ; $c 22,9cm =650 #4$$a cerita anak indonesia-terjemahan inggris, literasi-bahan bacaan =700 #$$a Sayan Mukherjee =856 ##$$a TBM AS-SYUHADA